Asimptotičeskije metody obraščenija integral'nych preobrazovanij

Salvato in:
Dettagli Bibliografici
Autore principale: Belov, Michail Aleksandrovič
Altri autori: Cirulis, Teodor Teodorovič
Natura: Libro
Lingua:russo
Pubblicazione: Riga Zinatne 1985
Edizione:1. izd.
Tags: Aggiungi Tag
Nessun Tag, puoi essere il primo ad aggiungerne!!

MARC

LEADER 00000nam a2200000 4500
001 c035049
005 20221220081622.9
041 0 |a rus 
044 |a LV 
245 1 0 |a Asimptotičeskije metody obraščenija integral'nych preobrazovanij  |c Michail Aleksandrovič Belov, Teodor Teodorovič Cirulis 
250 |a 1. izd. 
264 1 |a Riga  |b Zinatne  |c 1985 
300 |a 286 s. 
100 1 |a Belov, Michail Aleksandrovič 
700 1 |a Cirulis, Teodor Teodorovič